000 00196 a2200097 4500
020 _a9789992482407
041 _aspa
100 _aBelli , Gioconda
245 _aSofia de los presagios
942 _cBK
999 _c8634
_d8634